| 000 | 00716nam a2200193Ii 4500 | ||
|---|---|---|---|
| 003 | JO-AjNU | ||
| 008 | 230605s9999||||xx |||||||||||||| ||und|| | ||
| 040 |
_aJO-AjNU _bara _erda _cJO-AjNU |
||
| 041 | _aara | ||
| 050 | 1 | 4 | _aDS38.6 .M8322 1986 |
| 100 | 3 |
_aتأليف بك، محمد الخضري؛ تحقيق:محمد العثماني, _eauthor _960522 |
|
| 245 | 0 | 0 | _aمحاضرات تاريخ الامم الاسلامية: الدولة العباسية |
| 264 | 3 | 1 | _aبيروت:دار القلم للطباعة والنشر، 1986 |
| 300 | _a421ص | ||
| 336 |
_atext _btxt _2rdacontent |
||
| 337 |
_aunmediated _bn _2rdamedia |
||
| 338 |
_avolume _bnc _2rdacarrier |
||
| 650 | 4 |
_aعباسيون-تاريخ _960523 |
|
| 999 |
_aA27295 _c30863 _d30863 |
||